The magic school bus : (Record no. 7198)

MARC details
000 -LEADER
fixed length control field 00940nam a22003017a 4500
001 - CONTROL NUMBER
control field 7198
003 - CONTROL NUMBER IDENTIFIER
control field FISKH
005 - DATE AND TIME OF LATEST TRANSACTION
control field 20250702102111.0
008 - FIXED-LENGTH DATA ELEMENTS--GENERAL INFORMATION
fixed length control field 250702b cb ||||| |||| 00| 0 eng d
020 ## - INTERNATIONAL STANDARD BOOK NUMBER
International Standard Book Number 9780439314343
040 ## - CATALOGING SOURCE
Original cataloging agency FISKH
Language of cataloging eng
Transcribing agency FISKH
Modifying agency FISKH
050 ## - LIBRARY OF CONGRESS CALL NUMBER
Classification number PZ7.M26572 .14
082 ## - DEWEY DECIMAL CLASSIFICATION NUMBER
Classification number 551.55
100 ## - MAIN ENTRY--PERSONAL NAME
Personal name Capeci, Anne
245 ## - TITLE STATEMENT
Title The magic school bus :
Remainder of title Electric storm /
Statement of responsibility, etc. Written by Anne Capeci ; Illustrations by Hope Gangloff
250 ## - EDITION STATEMENT
Edition statement This edition first published in 2002
260 ## - PUBLICATION, DISTRIBUTION, ETC.
Place of publication, distribution, etc. New York :
Name of publisher, distributor, etc. Scholastic,
Date of publication, distribution, etc. 2002
300 ## - PHYSICAL DESCRIPTION
Extent 92 pages :
Other physical details illustrations ;
Dimensions 20 cm
505 ## - FORMATTED CONTENTS NOTE
Formatted contents note N<br/>
520 ## - SUMMARY, ETC.
Summary, etc. Mrs. Frizzle's class takes to the sky to study electricity via lightning.<br/>
521 8# - TARGET AUDIENCE NOTE
Source Lexile<br/><br/>
Target audience note 570<br/>
521 8# - TARGET AUDIENCE NOTE
Target audience note N<br/>
Source Raz-Plus<br/>
650 ## - SUBJECT ADDED ENTRY--TOPICAL TERM
Source of heading or term Adventure
Topical term or geographic name entry element Electricity
650 ## - SUBJECT ADDED ENTRY--TOPICAL TERM
Source of heading or term Magic School Bus
Topical term or geographic name entry element Science
700 ## - ADDED ENTRY--PERSONAL NAME
Personal name Gangloff, Hope
Dates associated with a name illustrator
942 ## - ADDED ENTRY ELEMENTS (KOHA)
Source of classification or shelving scheme Dewey Decimal Classification
Koha item type Books
Suppress in OPAC No
Holdings
Withdrawn status Lost status Source of classification or shelving scheme Damaged status Not for loan Collection Home library Current library Shelving location Date acquired Total Checkouts Full call number Barcode Date last seen Date last checked out Copy number Price effective from Koha item type
    Dewey Decimal Classification     Juvenile Fiction Footprints International School Library Network Toul Tom Poung Campus Footprints International School Library Network Toul Tom Poung Campus TTP Primary Yellow Bookshelves 07/02/2025 1 CAP 551.55 PZ7.M26572 .14 2025-1724 09/30/2025 07/15/2025 1 07/02/2025 Books